| 000 | 01135nam a2200301Ia 4500 | ||
|---|---|---|---|
| 001 | ebr10060500 | ||
| 003 | CaPaEBR | ||
| 006 | m u | ||
| 007 | cr cn||||||||| | ||
| 008 | 031022s2004 cau gs 001 0 eng d | ||
| 020 | _z1593270305 | ||
| 040 |
_aCaPaEBR _cCaPaEBR |
||
| 035 | _a(OCoLC)70720408 | ||
| 050 | 1 | 4 |
_aQA76.9.U83 _bW375 2004eb |
| 082 | 0 | 4 |
_a005.4/38 _222 |
| 100 | 1 | _aWarkus, Matthias. | |
| 245 | 1 | 4 |
_aThe official GNOME 2 developer's guide _h[electronic resource] / _cMatthias Warkus. |
| 260 |
_aSan Francisco : _bNo Starch Press, _cc2004. |
||
| 300 | _a497 p. | ||
| 500 | _aIncludes index. | ||
| 533 |
_aElectronic reproduction. _bPalo Alto, Calif. : _cebrary, _d2009. _nAvailable via World Wide Web. _nAccess may be limited to ebrary affiliated libraries. |
||
| 650 | 0 | _aComputer programming. | |
| 650 | 0 |
_aComputer software _xDevelopment. |
|
| 650 | 0 | _aGraphical user interfaces (Computer systems) | |
| 655 | 7 |
_aElectronic books. _2local |
|
| 710 | 2 | _aebrary, Inc. | |
| 856 | 4 | 0 |
_uhttp://site.ebrary.com/lib/rucke/Doc?id=10060500 _zAn electronic book accessible through the World Wide Web; click to view |
| 999 |
_c46018 _d46018 |
||